书目信息 |
| 题名: |
沙发·桌椅1000款
|
|
| 作者: | 代大彬 , 徐威波 主编 | |
| 分册: | ||
| 出版信息: | 天津 天津大学出版社 2002.02 |
|
| 页数: | 362页 | |
| 开本: | 29cm | |
| 丛书名: | ||
| 单 册: | ||
| 中图分类: | TS665.01 | |
| 科图分类: | ||
| 主题词: | 家具--设计 , CT--S037132--家具 | |
| 电子资源: | ||
| ISBN: | 7-5618-1416-X | |
| 000 | 00808nam0 2200253 45 | |
| 001 | 012002049116 | |
| 005 | 20020620110041.5 | |
| 010 | @a7-5618-1416-X@dCNY180.00 | |
| 100 | @a20100913d2002 em y0chiy0110 ea | |
| 101 | 0 | @achi |
| 102 | @aCN@b120000 | |
| 105 | @aa z 000yy | |
| 200 | 1 | @a沙发·桌椅1000款@Asha fa·zhuo yi 1000 kuan@f代大彬,徐威波主编 |
| 210 | @a天津@c天津大学出版社@d2002.02 | |
| 215 | @a362页@d29cm | |
| 300 | @a时尚家居设计 | |
| 330 | @a本书提供了金属桌椅、藤艺家具、公共沙发、木桌椅、会客沙发、吧台椅、单沙发、家用沙发、电话亭、小件等家具设计,并配有平面图。 | |
| 606 | 0 | @a家具@x设计 |
| 606 | 0 | @2CT@3S037132@a家具 |
| 690 | @aTS665.01@v5 | |
| 701 | 0 | @a代大彬@Adai da bin@4主编 |
| 701 | 0 | @a徐威波@Axu wei bo@4主编 |
| 905 | @aBZT@dTS665.01@e1 | |
| 906 | @dCNY180.00@n0@r1 | |
| 沙发·桌椅1000款/代大彬,徐威波主编.-天津:天津大学出版社,2002.02 |
| 362页;29cm |
| 时尚家居设计 |
| ISBN 7-5618-1416-X:CNY180.00 |
| 本书提供了金属桌椅、藤艺家具、公共沙发、木桌椅、会客沙发、吧台椅、单沙发、家用沙发、电话亭、小件等家具设计,并配有平面图。 |
| ● |
| 相关链接 |
|
|
|
正题名:沙发·桌椅1000款
索取号:TS665.01/1
 
预约/预借
| 序号 | 登录号 | 条形码 | 馆藏地/架位号 | 状态 | 备注 |
| 1 | 765188 | 2000765188 | 中心书库中库/ 中库025架A面7列4层44/ [索取号:TS665.01/1] | 在馆 | |
| 2 | 765189 | 2000765189 | 中心书库中库/ 中库025架A面7列4层43/ [索取号:TS665.01/1] | 在馆 | |
| 3 | 765190 | 2000765190 | 中心书库中库/ 中库025架A面7列4层42/ [索取号:TS665.01/1] | 在馆 | |
| 4 | 765191 | 2000765191 | 中心书库中库/ 中库025架A面7列4层52/ [索取号:TS665.01/1] | 在馆 | |
| 5 | 765192 | 2000765192 | 中心书库中库/ 中库025架A面7列4层51/ [索取号:TS665.01/1] | 在馆 | |
| 6 | 765193 | 2000765193 | 中心书库中库/ 中库025架A面7列4层49/ [索取号:TS665.01/1] | 在馆 | |
| 7 | 765194 | 2000765194 | 中心书库中库/ 中库025架A面7列4层50/ [索取号:TS665.01/1] | 在馆 | |
| 8 | 765195 | 2000765195 | 中心书库中库/ 中库025架A面7列4层47/ [索取号:TS665.01/1] | 在馆 | |
| 9 | 765196 | 2000765196 | 中心书库中库/ 中库025架A面7列4层46/ [索取号:TS665.01/1] | 在馆 | |
| 10 | 765197 | 2000765197 | 中心书库中库/ 中库025架A面7列4层45/ [索取号:TS665.01/1] | 在馆 |